| 000 | 01557nam a2200397 a 4500 | ||
|---|---|---|---|
| 001 | 4935630 | ||
| 005 | 20230626083513.0 | ||
| 008 | 940704s1994 onca bs f000 0 eng d | ||
| 010 | _a 95188022 | ||
| 015 | _aC94-980255-7E | ||
| 020 | _a0662612523 | ||
| 035 | _a(OCoLC)31174591 | ||
| 040 |
_aCaOODP _beng _cCaOONL _dDLC |
||
| 041 | 0 | _aengfre | |
| 042 | _alccopycat | ||
| 043 | _an-cn--- | ||
| 050 | 0 | 0 |
_aJL111.S3 _bC225 1994 |
| 055 | 0 | _aCOP.CA.2.1994-2010 | |
| 055 | 2 | _aJL111* | |
| 082 | 0 | 0 |
_a328.71/0733 _220 _bCOM |
| 086 | 1 | _aDSS Cat. no. CP 32-61-1994 | |
| 110 | 1 |
_aCanada. _bCommission to Review Allowances of Members of Parliament (1994) |
|
| 245 | 1 | 0 |
_aDemocratic ideals and financial realities : _bpaying representatives in the 21st century / _cCommission to Review Allowances of Members of Parliament. |
| 260 |
_a[Ottawa] : _bThe Commission, _cc1994. |
||
| 300 |
_ax, 93, 93, x p. (some folded) : _bill. ; _c25 cm. |
||
| 500 | _aText in English and French with French text on inverted pages. | ||
| 500 | _aTitle on added t.p.: Idéaux démocratiques et réalités financières. | ||
| 500 | _aChairman: Charles Lapointe. Cf. Prefatory material. | ||
| 504 | _aIncludes bibliographical references. | ||
| 610 | 1 | 0 |
_aCanada. _bParliament _xSalaries, etc. |
| 650 | 0 |
_aLegislators _xSalaries, etc. _zCanada. |
|
| 740 | 0 | _aIdéaux démocratiques et réalités financières. | |
| 906 |
_a7 _bcbc _ccopycat _d3 _encip _f19 _gy-gencatlg |
||
| 942 |
_2ddc _cBK |
||
| 999 |
_c2578 _d2578 |
||